Statistics for Canadian Provincial Capitals

Click here to take the quiz!

General Stats

  • This quiz has been taken 24 times
  • The average score is 9 of 13

Answer Stats

HintAnswer% Correct
QuebecQuebec
100%
OntarioToronto
95%
ManitobiaWinnipeg
89%
Nova ScotiaHalifax
84%
SaskatchewanRegina
84%
AlbertaEdmonton
79%
British ColumbiaVictoria
74%
Newfoundland & LabradorSt. John's
68%
New BrunswickFredericton
63%
Prince Edward IslandCharlottetown
58%
YukonWhitehorse
58%
Northwest TerritoriesYellowknife
53%
NunavutIqaluit
42%

Score Distribution

Percentile by Number Answered

Percent of People with Each Score

Your Score History

You have not taken this quiz